1252 1788 1638 1901 1682 1857 1051 1343 1069 1636 1485 1931 1107 1276 1415 1762 1625 1803 1217 1641 1581 1635 1207 1298 1715 1056 1593 1909 1323 1718 1134 1406 1028 1021 1912 1145 1160 1124 1759 1645 1357 1673 1688 1651 1766 1750 1848 1660 1365 1121 1344 1770 1046 1873 1317 1279 1218 1626 1534 1918 1645 1200 1824 1369 1541 1466 1758 1390 1129 1610 1780 1122 1841 1905 1024 1675 1490 1162 1735 1503 1023 1161 1204 1586 1814 1781 1084 1591 1651 1300 1318 1344 1850 1122 1038 1861 1594 1843 1573 BCNSPRNW ULIB Ver.6.0+V

เปลี่ยนเป็นภาษาไทย

Change to English
 แสดงรายละเอียดบรรณานุกรม
  กลับหน้าหลัก

Brief Record : Get Marc (ISO 2709) : E-mail record : QR code < ปิดหน้าต่าง
LEADER : 00000nam 2200000uu 4500
001    13399113724
003     ULIB
008    111220s2546||||th 000 0 tha d
020    ^a9749626613
060 04 ^aWA380^bป111ต 2546
245 00 ^aตายอย่างมีศักดิ์ศรี :^bมาตรา 24 ร่าง พ.ร.บ.สุขภาพแห่งชาติ(ฉบับปรับปรุง 24 กันยายน 2545) /^cสำนักงานปฏรูประบบสุขภาพแห่งชาติ ; บรรณาธิการ, นิติพร จันทรทัต ณ อยุธยา, สายพิน ด่านวัฒนะ
250    ^aพิมพ์ครั้งที่ 1
260    ^aนนทบุรี :^bสำนักงาน, ;^c2546
300    ^a[5], 122 หน้า ;^c21 ซม
650  7 ^aพระราชบัญญัติสุขภาพแห่งชาติ
650  7 ^aการตาย
650  7 ^aสิทธิการตาย
650  7 ^aผู้ป่วย, สิทธิ
700 0  ^aปิติพร จันทรทัต ณ อยุธยา,^eบรรณาธิการ
700 0  ^aสายพิน ด่านวัฒนะ,^eบรรณาธิการ
710 2  ^aสำนักงานปฏิรูประบบสุขภาพแห่งชาติ
945    ^p0^l0^i12280
945    ^p0^l0^i12441
945    ^p0^l0^i12440
995    ^aกัณชพร
999    ^aใช้งานได้ทุกระบบ
รายการนี้ยังไม่มีแท็ก
คุณยังไม่ได้ล็อกอิน คุณสามารถมีกิจกรรมร่วมกับเว็บไซต์ได้ แต่ต้องล็อกอินก่อน ::
  ล็อกอิน

รายการสื่อสารสนเทศ

ลำดับที่ ประเภท เลขเรียก/บาร์โค้ด สถานที่ สถานะ
- ไม่พบข้อมูล -

รายการใกล้เคียง
    หัวเรื่อง [พระราชบัญญัติสุขภาพแห่งชาติ]
    หัวเรื่อง [การตาย]
    หัวเรื่อง [สิทธิการตาย]
    หัวเรื่อง [ผู้ป่วย, สิทธิ]

BibComment


ยังไม่เคยถูกคอมเมนท์

คอมเมนท์ทรัพยากรรายการนี้
  คอมเมนท์: ตายอย่างมีศักดิ์..


 Copyright 2026. Bcnsprnw @Library